Normal view
MARC view
Entry Personal Name
001 - CONTROL NUMBER
- control field: 201503
003 - CONTROL NUMBER IDENTIFIER
- control field: OSt
005 - DATE AND TIME OF LATEST TRANSACTION
- control field: 20250220112309.0
008 - FIXED-LENGTH DATA ELEMENTS
- fixed length control field: 250220|| aca||aabn | a|a d
040 ## - CATALOGING SOURCE
- Original cataloging agency: OSt
- Transcribing agency: OSt
100 ## - HEADING--PERSONAL NAME
- Personal name: Melisha Sandriya Dsouza
670 ## - SOURCE DATA FOUND
- Source citation: Work cat.: (OSt): Melisha Sandriya Dsouza, Twisted Logic Riddle Round Up, 2025